Al sur de la palabra, 2016 : antología /
Antología de poesía mexicana de 22 escritores que participaron en el Décimo Encuentro Nacional Al Sur de la Palabra, en San Cristóbal de las Casas, Chiapas, realizada en 2016.
Guardat en:
| Autor corporatiu: | |
|---|---|
| Altres autors: | |
| Format: | Actes de congresos Llibre |
| Idioma: | espanyol |
| Col·lecció: | (Viejo Cartonero)
|
| Matèries: | |
| Etiquetes: |
Sense etiquetes, Sigues el primer a etiquetar aquest registre!
|
MARC
| LEADER | 00000nam^a2200000^a^4500 | ||
|---|---|---|---|
| 001 | 000393105 | ||
| 005 | 20250521000000.0 | ||
| 009 | 20260310121259.156 | ||
| 037 | |a Acervo ITESO - Biblioteca | ||
| 041 | |a ESP | ||
| 082 | |a 861. |b AL | ||
| 245 | 0 | 0 | |a Al sur de la palabra, 2016 : |b antología / |c A. López Ruiz... [et al.] |
| 264 | |a Guadalajara, México : |b Ediciones El Viaje, |c 2016 | ||
| 300 | |a 166 p. | ||
| 336 | |a texto |b txt |2 rdacontenido | ||
| 337 | |a sin mediación |b n |2 rdamedio | ||
| 338 | |a volumen |b nc |2 rdasoporte | ||
| 440 | 1 | |a (Viejo Cartonero) | |
| 520 | |a Antología de poesía mexicana de 22 escritores que participaron en el Décimo Encuentro Nacional Al Sur de la Palabra, en San Cristóbal de las Casas, Chiapas, realizada en 2016. | ||
| 521 | |a EEnlace Centro de Promoción Cultural 2016 | ||
| 649 | |a XX | ||
| 650 | |a Poesía Mexicana | ||
| 650 | |a Literatura Mexicana - |y Siglo XXI | ||
| 711 | |a Encuentro Nacional Al Sur de la Palabra | ||
| 700 | |a López Ruiz, Alejandro |e (autor) | ||
| 910 | |a Fondo General | ||
| 920 | |a Impresos - Libros | ||
| 930 | |a Colección General | ||
| 940 | |a Literatura | ||
| 905 | |a 101 | ||
| 901 | |a 0500287642 |b IT1 |c LIT |i C154994 |u 20250521 | ||
| 902 | |a https://opac.biblio.iteso.mx/vufind/Record/000393105 | ||